|
|
|
|
| LEADER |
00744cam a2200229 7i4500 |
| 001 |
0000020322 |
| 005 |
20170218090000.0 |
| 008 |
080212 eng |
| 020 |
|
|
|a 9781572315617
|
| 020 |
|
|
|a 157231561X (pbk.)
|
| 040 |
|
|
|a DLC
|
| 090 |
0 |
0 |
|a HD66.2
|b .W66 1997
|
| 100 |
1 |
|
|a Woodcock, JoAnne
|
| 245 |
1 |
0 |
|a Understanding groupware in the enterprise
|c JoAnne Woodcock.
|
| 260 |
|
|
|a Redmond, WA:
|b Microsoft Press,
|c 1997.
|
| 300 |
|
|
|a x, 279 p.:
|b ill.;
|c 23 cm.
|
| 490 |
0 |
|
|a Strategic Technology Series
|
| 500 |
|
|
|a Includes index
|
| 650 |
0 |
0 |
|a Collaborative computing
|
| 650 |
0 |
0 |
|a Groupware (Computer software)
|
| 997 |
|
|
|a Business & Accountancy, Faculty
|
| 999 |
|
|
|a 0000022185
|b BOK
|c OPEN SHELF
|e 1st Floor, Bestari Jaya
|